<?xml version="1.0" encoding="UTF-8"?>
<marc:record xmlns:marc="http://www.loc.gov/MARC21/slim">
   <marc:leader>00000nam a2200000 a 4500</marc:leader>
   <marc:datafield ind1="1" ind2=" " tag="100">
      <marc:subfield code="a">Dindal, Mark</marc:subfield>
      <marc:subfield code="4">drt</marc:subfield>
      <marc:subfield code="e">Regisseur/-in</marc:subfield>
   </marc:datafield>
   <marc:datafield ind1="0" ind2="0" tag="245">
      <marc:subfield code="a">Garfield – Eine extra Portion Abenteuer</marc:subfield>
   </marc:datafield>
   <marc:datafield ind1=" " ind2="1" tag="264">
      <marc:subfield code="b">Sony Pictures Home Entertainment</marc:subfield>
      <marc:subfield code="c">2024</marc:subfield>
   </marc:datafield>
   <marc:datafield ind1="1" ind2=" " tag="520">
      <marc:subfield code="a">Garfield, der weltberühmten Montage hassenden und Lasagne liebenden Wohnungskatze, steht ein wildes Abenteuer in der großen weiten Welt bevor. Nach einem unerwarteten Wiedersehen mit seinem lange verschollenen Vater – der struppigen Straßenkatze Vic – und dessen alter Freundin, der Perserkatze Jinx sind Garfield und sein Hundefreund Odie gezwungen, ihr perfektes Zuhause und verwöhntes Leben hinter sich zu lassen und Vic auf einem urkomischen Raubzug, bei dem für sie so einiges auf dem Spiel steht, zu begleiten.&#xD;
&#xD;
Mit Hape Kerkeling als Garfield und Anke Engelke als Perserkatze Jinx ist ein unvergleichliches Abenteuer von Hund und Katz bereits vorprogrammiert.&#xD;
&#xD;
Bonusmaterial:&#xD;
Innen Kater, Draußen Abenteurer; Besetzung der Tiere; Zeichen-Anleitung von Garfield, Oldie, Vic und mehr; Bildergalerie</marc:subfield>
   </marc:datafield>
   <marc:datafield ind1=" " ind2=" " tag="338">
      <marc:subfield code="a">Videodisk</marc:subfield>
   </marc:datafield>
   <marc:datafield ind1=" " ind2=" " tag="300">
      <marc:subfield code="a">1 DVD</marc:subfield>
   </marc:datafield>
</marc:record>
